| 000 | 00360nam a22001217a 4500 | ||
|---|---|---|---|
| 082 | _a621.8 OBE'M | ||
| 100 |
_aOBERG, ERIK,JONES, F.D _978856 |
||
| 245 | _aMACHINERY'S HANDBOOK VOL-II A REFERENCE BOOK FOR THE MECHANCAL ENGINEER DRAFTSMAN TOOLMAKER AND MACHINIST | ||
| 250 | _a19TH | ||
| 260 |
_aENGLAND _bINDUSTRIAL _c1971 |
||
| 300 | _aXI,1254P | ||
| 942 | _cBK | ||
| 999 |
_c583925 _d583925 |
||